Дело о выдаче артистам немецкой труппы по 15 рублей за поставленную в бенефис пьесу с новой музыкой

Доступно только в Электронных читальных залах Найти на картеНа карте
RUSMARC
00004177nmc2a22000003x 450
001c88c21ff-5dfa-4244-bf62-3d24bbb1d400
00520190109200355.0
100##$a20170704l18491849k l0rusy0189 ca
1010#$arus
102##$aRU
2001#$aДело о выдаче артистам немецкой труппы по 15 рублей за поставленную в бенефис пьесу с новой музыкой
$j15-31 июля 1849 г.
251##$cДело
300##$aПо Санкт-Петербургской дирекции за 1849 год
300##$aОриг. заголовок дела: Дело по предписанию господина директора о выдаче бенефициантам по немецкой труппе за новую музыку, какой-либо пьесы, по 15 рублей серебром. 15 июля 1849 г. - 31 июля 1849 г
801#0$aRU
$bРГИА
$c20170704
$gRCR
801#1$aRU
$bГлавНИВЦ
$c20170704
$2rusmarc
801#2$aRU
$bПБ им. Б.Н. Ельцина
$c20190109
$gRCR
$2rusmarc
850##$aРГИА
852##$aРГИА
$eФедеральное казенное учреждение "Российский государственный исторический архив" (РГИА)
$j12409
937##$hРГИА
$d12247160
$aASBIBLIO_SCAN
462#0$1001dd3991dc-24e1-42ec-8838-ca4255420416
$12001
$a1746-1850 гг.
$1251
$cОпись
$1852
$j1
461#0$10019264ebf8-de62-4f1a-9eb4-9f22098dbbd5
$12001
$aДирекция императорских театров МИДв
$1251
$cФонд
$1852
$j497
215##$a6 л.
$d36,5х26 см
371##$aДокумент не является опубликованным и широко распространяемым
105##$ay###
1222#$ad
5171#$aДело по предписанию господина директора о выдаче бенефициантам по немецкой труппе за новую музыку, какой либо пьесы, по 15 рублей серебром. 15 июля 1849 г. - 31 июля 1849 г
035##$ac88c21ff-5dfa-4244-bf62-3d24bbb1d400
856##$uhttp://readingroom.main.prlib.ru/item.aspx?id_node=n122794102&mode=full
Формат отображения